000 00564cam a2200145 4500500
005 20260111092410.0
041 _afre
042 _adc
100 1 0 _aDelhoume, Jean-Pierre
_eauthor
245 0 0 _aJean-Marc Moriceau, Histoire et géographie de l’élevage français, du Moyen Âge à la Révolution. Paris, Fayard, 2005, 477 p.
260 _c2005.
500 _a5
786 0 _nÉtudes rurales | 175-176 | 3 | 2005-12-01 | p. 215i-65535i | 0014-2182
856 4 1 _uhttps://shs.cairn.info/revue-etudes-rurales-2005-3-page-215i?lang=fr&redirect-ssocas=7080
999 _c1623467
_d1623467